000 00568nam a2200229Ia 4500
003 OSt
005 20220924132959.0
006 a|||||r|||| 00| 0
007 ta
008 220923b |||||||| |||| 00| 0 ara d
024 _a254878
037 _cTextual
040 _aARTS
_cARTS
_bara
041 _2ara
_aara
082 _aO28v, N8
100 _aAhmad Haiqil
_9205444
245 0 _aAl taurat al adab al hadis fi Misr
260 _c1998
650 _aARABIC LITERATURE
942 _hO28v, N8
_cTEXL
_2CC
999 _c432248
_d432248